Statistics for Countries by Clue #2

Click here to take the quiz!

General Stats

  • This quiz has been taken 80,852 times
  • The average score is 17 of 22

Answer Stats

CluesCountry% Correct
Great Wall, Mao Zedong, FireworksChina
100%
Crepes, Berets, Notre DameFrance
97%
Ayatollah, Persia, TehranIran
92%
Himalayas, Sherpas, KathmanduNepal
87%
Outback, Boomerang, BillabongAustralia
87%
Oil, Mecca, BedouinsSaudi Arabia
86%
Samba, Carnival, PeléBrazil
85%
Neutrality, Watches, BanksSwitzerland
83%
Ottomans, Hagia Sophia, KurdsTurkey
81%
Communist, Camagüey, Bay of PigsCuba
81%
Gymnastics, Vampires, CeausescuRomania
81%
Kandahar, Taliban, Khyber PassAfghanistan
77%
Samsung, Incheon, DMZSouth Korea
75%
Van Damme, Flanders,
Trappist Beer
Belgium
73%
Tết, Phở, Conical HatsVietnam
72%
Goulash, Magyar, Lake BalatonHungary
68%
Saunas, Nokia, Jean SibeliusFinland
66%
Jutland, Hamlet, Tivoli GardensDenmark
64%
Balfour Declaration, Kibbutz, KnessetIsrael
56%
Trujillo, Hispaniola, BaseballDominican Republic
53%
Igbo, Abuja, Oil IndustryNigeria
48%
Horn of Africa, French-Speaking,
Capital Name = Country Name
Djibouti
46%

Score Distribution

Percentile by Number Answered

Percent of People with Each Score

Your Score History

You have not taken this quiz